Metro Vancouver Regional Districts - Statistics

General Stats
  • This quiz has been taken 322 times
  • The average score is 11 of 22
Answer Stats
Hint Answer % Correct
Metrotown Burnaby
91%
YVR Richmond
88%
Biggest Canadian Flag Surrey
81%
Stanley Park Vancouver
79%
Lighthouse Park West Vancouver
75%
Mallardville Coquitlam
71%
Burns Bog Delta
67%
Old BC Capital New Westminster
57%
Not Pitt Lake, but _________ Pitt Meadows
56%
1st H & M Port Coquitlam
53%
Willowbrook Mall Langley City
51%
Golden Ears Provincial Park Maple Ridge
46%
Sandcastle Competition White Rock
46%
White Pine Beach Port Moody
45%
Snug Cove Bowen Island
29%
The Grouse Grind District of North Vancouver
27%
Buntzen Lake Village of Anmore
27%
Indian Arm Belcarra
26%
Lonsdale Quay City of North Vancouver
26%
East of Gambier Island Lions Bay
16%
First Nations near Ferry Tswassen First Nation
15%
Fort __________ District of Langley
11%
No matching quizzes found
Score Distribution
Percent of People with Each Score
Percentile by Number Answered
Your Score History
You have not taken this quiz